[Event "Banja Dvorovi (Women)"]
[Site "Banja Dvorovi"]
[Date "2000.05.08"]
[Round "3"]
[White "Stoisavljevic, Sava"]
[Black "Ionescu, Irina"]
[Result "0-1"]
[WhiteElo "2088"]
[BlackElo "2291"]
[PlyCount "84"]
[EventDate "2000.05.06"]
[EventType "tourn"]
[EventRounds "9"]
[EventCountry "YUG"]
[SourceTitle "CBM 076 Extra"]
[Source "ChessBase"]
[SourceDate "2000.07.11"]
[SourceVersion "1"]
[SourceVersionDate "2000.07.11"]
[SourceQuality "1"]

1. d4 d5 2. Nf3 Nf6 3. c4 c6 4. cxd5 cxd5 5. Nc3 Nc6 6. Bf4 a6 7. Rc1 Bf5 8. Ne5 Rc8 9. e3 h6 10. Bd3 Bxd3 11. Qxd3 e6 12. Nxc6 Rxc6 13. 0-0 Be7 14. h3 0-0 15. Rc2 Qa5 16. Rfc1 Rfc8 17. a3 Nd7 18. Nd1 Nb6 19. b4 Qa4 20. Rxc6 Rxc6 21. Rxc6 Qxc6 22. Qc3 Qxc3 23. Nxc3 Nc4 24. Nb1 a5 25. bxa5 Nxa3 26. Nxa3 Bxa3 27. Kf1 Kf8 28. Ke2 Ke7 29. Kd3 Bb4 30. Bc7 Kd7 31. Bb6 Kc6 32. e4 Kb5 33. f4 Bxa5 34. Bc5 Bb4 35. Ba7 Bd6 36. e5 Ba3 37. Bb8 Kc6 38. Kc2 b6 39. Kb3 Be7 40. Ka4 Kb7 41. Bd6 Bxd6 42. exd6 Kc6 0-1

[Event "YUG-ch (Women) 53th"]
[Site "Herceg Novi"]
[Date "2000.04.21"]
[Round "11"]
[White "Stoisavljevic, Sava"]
[Black "Chelushkina, Irina"]
[Result "0-1"]
[WhiteElo "2088"]
[BlackElo "2398"]
[PlyCount "80"]
[EventDate "2000.04.16"]
[EventType "tourn"]
[EventRounds "13"]
[EventCountry "YUG"]
[SourceTitle "CBM 075 Extra"]
[Source "ChessBase"]
[SourceDate "2000.05.11"]
[SourceVersion "2"]
[SourceVersionDate "2000.05.11"]
[SourceQuality "1"]

1. d4 Nf6 2. c4 e6 3. Nf3 c5 4. d5 b5 5. cxb5 Nxd5 6. e4 Nf6 7. Nc3 Bb7 8. Bd3 Be7 9. 0-0 d6 10. Re1 Nbd7 11. a4 a6 12. bxa6 Bxa6 13. Bxa6 Rxa6 14. Qd3 Qc8 15. b3 0-0 16. h3 Qb7 17. Bf4 Rc8 18. Nd2 Nf8 19. Rab1 Ng6 20. Bg3 d5 21. Nb5 Rac6 22. Rbc1 Qa6 23. exd5 exd5 24. Qf5 Bf8 25. Ra1 Ne7 26. Qf3 Qa5 27. Red1 Re6 28. Rac1 Nc6 29. Qc3 Nb4 30. Re1 Qb6 31. Rxe6 Qxe6 32. Kh2 Na2 33. Qc2 Nxc1 34. Qxc1 Qd7 35. Qf1 h6 36. Qd3 Qe6 37. Nc7 Qc6 38. Nb5 c4 39. Qc3 Qc5 40. bxc4 dxc4 0-1

[Event "Serbia-ch (Women)"]
[Site "Kragujevac"]
[Date "2000.??.??"]
[Round "8"]
[White "Paramentic, Mila"]
[Black "Stoisavljevic, Sava"]
[Result "1/2-1/2"]
[WhiteElo "2050"]
[BlackElo "2088"]
[PlyCount "37"]
[EventDate "2000.02.19"]
[EventType "swiss"]
[EventRounds "9"]
[EventCountry "YUG"]
[SourceTitle "EXT 2001"]
[Source "ChessBase"]
[SourceDate "2000.11.22"]
[SourceVersion "1"]
[SourceVersionDate "2000.11.22"]
[SourceQuality "1"]

1. e4 c6 2. d4 d5 3. exd5 cxd5 4. Bd3 Nc6 5. c3 Nf6 6. h3 e5 7. dxe5 Nxe5 8. Bc2 Bc5 9. Nf3 Nxf3+ 10. Qxf3 Qe7+ 11. Qe2 Qxe2+ 12. Kxe2 Be6 13. Nd2 a6 14. Re1 0-0 15. Kf1 Rac8 16. Nf3 d4 17. Bb3 Bxb3 18. axb3 dxc3 19. bxc3 1/2-1/2

[Event "YUG-chT (Women)"]
[Site "Niksic"]
[Date "1997.??.??"]
[Round "11"]
[White "Shumiakina, Tatiana"]
[Black "Stoisavljevic, Sava"]
[Result "1-0"]
[WhiteElo "2385"]
[BlackElo "2100"]
[PlyCount "45"]
[EventDate "1997.08.27"]
[EventType "team"]
[EventRounds "11"]
[EventCountry "YUG"]
[SourceTitle "CBM 059 Extra"]
[Source "ChessBase"]
[SourceDate "1997.09.26"]
[SourceVersion "1"]
[SourceVersionDate "1997.09.26"]
[SourceQuality "1"]

1. d4 d5 2. c4 c6 3. Nc3 Nf6 4. Nf3 e6 5. Bg5 Nbd7 6. Qc2 Be7 7. e3 0-0 8. Rd1 dxc4 9. Bxc4 Nd5 10. Bxe7 Qxe7 11. 0-0 Nxc3 12. Qxc3 b6 13. e4 Bb7 14. Rfe1 a5 15. Bd3 h6 16. Bb1 Rfe8 17. Qc2 e5 18. dxe5 Nxe5 19. Nxe5 Qxe5 20. f4 Qh5 21. e5 g6 22. Qb3 b5 23. Rd7 1-0

[Event "YUG-chT (Women)"]
[Site "Niksic"]
[Date "1997.??.??"]
[Round "2"]
[White "Stoisavljevic, Sava"]
[Black "Kalevic, Sanja"]
[Result "1/2-1/2"]
[WhiteElo "2100"]
[BlackElo "2285"]
[PlyCount "42"]
[EventDate "1997.08.27"]
[EventType "team"]
[EventRounds "11"]
[EventCountry "YUG"]
[SourceTitle "CBM 059 Extra"]
[Source "ChessBase"]
[SourceDate "1997.09.26"]
[SourceVersion "1"]
[SourceVersionDate "1997.09.26"]
[SourceQuality "1"]

1. d4 e6 2. c4 Nf6 3. Nf3 Bb4+ 4. Nbd2 b6 5. a3 Bxd2+ 6. Bxd2 Bb7 7. Bf4 0-0 8. e3 d6 9. Be2 Nbd7 10. 0-0 Ne4 11. h3 Qe7 12. Rc1 a5 13. Qc2 f5 14. b4 axb4 15. axb4 Rfc8 16. Bh2 Qf6 17. Rfd1 Bc6 18. Ra1 Ng5 19. Nxg5 Qxg5 20. Bf1 Bf3 21. Rdc1 Nf6 1/2-1/2

[Event "YUG Cup (Women)"]
[Site "Ulcinj"]
[Date "1997.??.??"]
[Round "?"]
[White "Stoisavljevic, Sava"]
[Black "Petrovic, Marija"]
[Result "1-0"]
[WhiteElo "2110"]
[BlackElo "2300"]
[PlyCount "87"]
[EventDate "1997.??.??"]
[EventType "team"]
[EventRounds "7"]
[EventCountry "YUG"]
[SourceTitle "EXT 1999"]
[Source "ChessBase"]
[SourceDate "1998.11.16"]
[SourceVersion "1"]
[SourceVersionDate "1998.11.16"]
[SourceQuality "1"]

1. d4 d6 2. Nf3 g6 3. c4 Bg7 4. Nc3 Nf6 5. e4 0-0 6. h3 Nbd7 7. Bg5 c5 8. d5 a6 9. a4 h6 10. Bf4 Kh7 11. Be2 Nh5 12. Bh2 Qa5 13. Ra3 Qb4 14. Qc2 Rb8 15. 0-0 Qa5 16. Nd2 Nhf6 17. f4 Ne8 18. Nf3 Qc7 19. Bd3 Kg8 20. Re1 b5 21. axb5 axb5 22. Nxb5 Rxb5 23. cxb5 Nb6 24. Kh1 Bd7 25. b3 Qb7 26. Qa2 Nc7 27. Ra7 Qb8 28. Qa5 e6 29. dxe6 Bxe6 30. f5 Bxb3 31. Bxd6 Rc8 32. Bxc5 Ncd5 33. Bd4 Bxd4 34. Nxd4 Nc3 35. Nc6 Rxc6 36. bxc6 Nca4 37. e5 gxf5 38. Rb7 Qd8 39. Bxf5 Qh4 40. c7 Bd5 41. Qxd5 Qxe1+ 42. Kh2 Nxd5 43. c8Q+ Kg7 44. Qe6 1-0